| 000 | 01771 a2200325 4500 | ||
|---|---|---|---|
| 005 | 20211214155522.0 | ||
| 008 | 140527s2009 ag ||||g |||| 00| 0 mul d | ||
| 040 |
_aCO-BoUCM _bspa _cDeissy Garcia (modificó) _dAldemar Mondragón |
||
| 041 | _aeng | ||
| 041 | _afre | ||
| 041 | _aspa | ||
| 092 | _aDVD 1446 | ||
| 245 |
_aAmor sin escalas _cJason Reitman, director |
||
| 260 |
_aBuenos Aires (Argentina) _bParamount Pictures _c2009 |
||
| 300 |
_a1 DVD, 109 minutos _bimagen, sonido, color |
||
| 500 | _aSinopsis : Ryan Bingham es un experto en reducciones empresariales (tanto de personal como de dinero) cuya preciada vida volando se ve amenazada en el momento en que está a punto de conseguir diez millones de millas en vuelos frecuentes y justo cuando ha conocido a la mujer de sus sueños, otra viajera habitual. | ||
| 508 | _aCréditos : Dirección Jason Reitman ; Producción: Ivan Reitman, Jason Reitman, Daniel Dubiecki y Jeffrey Clifford ; Guión: Jason Reitman y Sheldon Turner; basado en la novela de Walter Kirn ; Música Rolfe Kent ; Fotografía Eric Steelberg. | ||
| 511 | _aReparto : George Clooney, Vera Farmiga, Anna Kendrick , Jason Bateman, Danny McBride, Melanie Lynskey , Amy Morton, Sam Elliott, J.K. Simmons, Zach Galifianakis, Chris Lowell. | ||
| 546 | _aAudio en inglés, francés y castellano. Subtítulos en inglés, francés y castellano | ||
| 650 | 7 |
_957043 _aAmor en el cine _vDVD |
|
| 650 | 7 |
_98660 _aAeropuertos _vDVD |
|
| 650 | 7 |
_98659 _aAeronaves _vDVD |
|
| 690 |
_aEntretenimiento _926487 |
||
| 700 | 1 |
_aReitman, Jason _edirector _961775 |
|
| 710 | 2 |
_aParamount Pictures _948549 |
|
| 710 | 2 |
_aCold spring pictures _961776 |
|
| 710 | 2 |
_aDW studios _961777 |
|
| 765 | _tUp in the air | ||
| 942 |
_2LOCAL _a11 _cMULTIMEDIA _e1 |
||
| 999 |
_c242896 _d242896 |
||